[Event "EU-ch 4th"]
[Site "Istanbul"]
[Date "2003.06.13"]
[Round "13"]
[White "Genov, Petar"]
[Black "Belov, Vladimir"]
[Result "0-1"]
[WhiteElo "2490"]
[BlackElo "2549"]
[Annotator "Atlas,V"]
[PlyCount "86"]
[EventDate "2003.05.30"]
[EventType "swiss"]
[EventRounds "13"]
[EventCountry "TUR"]
[SourceTitle "CBM 096"]
[Source "ChessBase"]
[SourceDate "2003.09.25"]
[SourceVersion "1"]
[SourceVersionDate "2003.09.25"]
[SourceQuality "1"]

1. d4 Nf6 2. c4 g6 3. Nc3 d5 4. Nf3 Bg7 5. Bg5 Ne4 6. cxd5 Nxg5 7. Nxg5 e6 8.
Nf3 exd5 9. b4 Qd6 10. Qb3 Nc6 11. e3 Qxb4 12. Qxb4 Nxb4 13. Kd2 Bf5 14. a3 Nc6
15. Bb5 O-O-O 16. Bxc6 bxc6 17. Na4 Kd7 $1 {[%cal Gd8b8] A good move opening
the b-file for the black rooks.} 18. Nc5+ Ke7 19. Na6 c5 $1 {[%csl Ra6,Rd4]
[%cal Gg7a1,Gd8b8] Another excellent move. Returing a pawn, Black develops a
dangerous initaitve on the queenside.} 20. Nxc5 Rb8 21. Ra2 Bb1 $1 {[%csl Gb1]
This spectacular bishop thrust yields Black large advantage.} 22. Ra1 Rb2+ 23.
Kc3 Rhb8 24. Rc1 R8b5 25. Nd2 {[%tqu "En","How can Black use the energy of his
active pieces?","Exploit the shaky position of White's c5-knight.","Use your
b2-rook for the decisive strike.","b2c2","This impressive rook move yields
Black a decisive advantage.",6]} Rc2+ $1 {[%csl Rc1,Gc2,Rc3,Rc5,Rd4][%cal
Gb5c5,Gg7c3] Black perfectly uses power of his spectacularly placed pieces!
The impressive rook move spells a quick end for White.} 26. Rxc2 Rxc5+ 27. Kb4
Rxc2 28. Nxb1 c5+ (28... Rb2+ 29. Kc3 ({after} 29. Kc5 Ke6 $1 {mate is
inevitable:} 30. Nc3 Bf8+ 31. Kc6 Rb6+ 32. Kxc7 Bd6+ 33. Kc8 Rb8#) 29... Rxf2 {
was easily winning too, but the text move is even stronger.}) 29. Kb3 Rc1 30.
Kb2 Rf1 31. Nc3 Rxa1 32. Kxa1 cxd4 33. Nxd5+ Kd6 34. e4 f5 35. f3 fxe4 36. fxe4
Ke5 37. Kb1 Kxe4 {White's position is absolutely hopeless.} 38. Nc7 Ke3 39.
Nd5+ Kf2 40. Kc2 Kxg2 41. a4 Kxh2 42. a5 g5 43. a6 g4 0-1

[Event "Bundesliga 0809"]
[Site "Germany"]
[Date "2009.03.01"]
[Round "13.1"]
[White "Markos, Jan"]
[Black "Avrukh, Boris"]
[Result "1-0"]
[WhiteElo "2557"]
[BlackElo "2657"]
[Annotator "Avrukh,B"]
[PlyCount "71"]
[EventDate "2008.10.03"]
[EventType "team-tourn"]
[EventRounds "15"]
[EventCountry "GER"]
[SourceTitle "CBM 130"]
[Source "ChessBase"]
[SourceDate "2009.05.20"]
[SourceVersion "1"]
[SourceVersionDate "2009.05.20"]
[SourceQuality "1"]
[WhiteTeam "Berlin SF"]
[BlackTeam "Remagen"]
[WhiteTeamCountry "GER"]
[BlackTeamCountry "GER"]

1. d4 Nf6 2. c4 g6 3. Nc3 d5 4. Nf3 Bg7 5. Bg5 Ne4 6. cxd5 {In this line White
is not really aiming for a big opening advantage, but rather to get a playable
position.} Nxg5 7. Nxg5 e6 8. Qd2 {The alternative is more positional} (8. Nf3
exd5 9. e3 O-O 10. Be2) 8... h6 ({Somehow I never liked} 8... exd5 9. Qe3+ Kf8
10. Qf4 Bf6 11. h4 {, that is considered perfectly playable for Black, but
requires a lot of knowledge.}) 9. Nh3 {This leads to a more interesting battle,
than} (9. Nf3 exd5 10. e3 O-O 11. Be2 {, or} (11. Bd3)) 9... exd5 10. Qe3+ {
White forces Black to lose the right to castle, but on the other hand White
cannot be proud of the arrangement of his pieces and needs to spend a few
tempi on finding a better placement for them.} Kf8 11. Nf4 c6 {The game was
played at 10-00 in the morning, so I decided to opt for a more quiet option.
There is no doubt that the most challenging continuation is} (11... c5 {
which has occured in one of my games, as well as in a few games of Jan. The
main line looks pretty nice} 12. dxc5 d4 13. Qd2 Na6 14. e3 Bf5 {This is my
novelty, which was introduced in my game} 15. Rd1 (15. exd4 Qxd4 16. Bxa6 bxa6
17. O-O-O Qxc5 {and Black got a good position in Damaso,R (2399)-Avrukh,B 
(2588)/Albufeira Algarve 1999}) 15... dxc3 16. Qxd8+ Rxd8 17. Rxd8+ Ke7 18.
Rxh8 cxb2 19. Nd5+ Ke6 20. Nf4+ Ke7 21. Nd5+ Ke6 {Markus,R (2465)-Eljanov,P 
(2487)/Balatonlelle 2000}) 12. Qf3 Qf6 {Another plan is} (12... Kg8 {following
by the transfer of the knight to f6.} 13. e3 Nd7 14. Bd3 Nf6 15. h3 Qd6 16. a3
Bd7 17. O-O h5 {[%cal Gg7h6] and Black obtained a perfectly playable position
in Schroll,G (2370)-Wach,M (2380)/Austria 1995}) 13. e3 ({Most probably} 13.
O-O-O {is pretty risky. Black can play} h5 {with the idea of Bh6, while} 14. e3
$2 {is impossible due to} Bg4 {[%csl Gd1,Gf3]}) 13... h5 {A very important
resource, Black not only intends to activate his dark-squared bishop via h6,
but also Bg4 comes with tempo.} 14. h4 $146 {Quite a natural novelty, White
grabs some space on the kingside and prevents Black's possible idea connected
with a g6-g5 adavance. Previously White tried} (14. Bd3 Bg4 {During the game I
also considered} (14... g5 15. Nfe2 Qxf3 16. gxf3 g4 {that seems to me pretty
unclear.}) 15. Qg3 Bf5 (15... Nd7 $5) 16. Bxf5 Qxf5 17. Rd1 h4 18. Qh3 Qxh3 {
Black equalised comfortably and draw was agreed in this position Guramishvili,
S (2305)-Karavade,E (2331)/Yerevan 2007}) 14... Bg4 (14... Bh6 {White
comfortably meets with} 15. Nd3 Qxf3 16. gxf3 {and Black's two bishop
advantage is irrelevant, as after following f4 his dark-squared bishop will be
pretty passive.}) 15. Qg3 Nd7 16. Be2 {In the event of} (16. Bd3 {I intended
to play} Re8 17. O-O Kg8 18. Rfe1 Bf8 {[%cal Gf8d6] with balanced play.}) 16...
Bf5 $5 {I decided to check if my opponent wanted to insist on exchanging the
bishops by means of 17.Bd3. Meanwhile there was nothing wrong with} (16... Bxe2
{following by 17...Qe7 and 18...Nf6.}) 17. Rc1 {My opponent plans to start the
thematic play on the queenside by means of b4-b5 and etc. Obviously he didn't
like} (17. O-O {in view of} Qd8 {[%cal Gg7f6] with the idea of Bf6, though
White could have still maintained the balance with} 18. Qh2 Bf6 19. g3 Kg7 20.
Bd3 $11) ({Objectively there would have been} 17. Bd3) 17... Nb6 {A very
useful move, first of all I defended against possible idea of sacrifice on d5,
secondly in there might be a nice positional idea Nc8-d6.} 18. b4 {White
starts his play on the queenside, but it's already somewhat risky. It was
still not too late} (18. Bd3 {with equality.}) 18... a6 {I believe it's useful
to swap a-pawns in order to activate my rook.} 19. a4 Qe7 20. b5 {A tactical
idea which doesn't work.} (20. a5 $2 Nc8 21. Ncxd5 cxd5 22. Nxd5 Qd8 {of
course not} (22... Qd6 $4 23. Rxc8+ $1 $18 {[%csl Gd6]})) 20... axb5 21. axb5
Bf6 $1 $15 {[%csl Gh4] Now White cannot castle short, as his h4-pawn would be
hanging.} 22. bxc6 bxc6 23. Bd3 $1 {Even now this move comes in time; by
sacrificing a pawn White stays in the game.} Bxd4 {Tempting , but maybe
practically not the best choice. Now I would prefer the positional} (23... Bxd3
24. Nxd3 Kg7 $1 {I saw that in the event of} (24... Bxd4 25. Ne2 Bf6 26. Rxc6
Nc4 27. O-O $1 Bxh4 28. Qf4 {Black cannot hold his d5-pawn and the position is
absolutely equal, for instance:} Kg7 29. Nc3 Rhd8 30. Nxd5 Rxd5 31. Qxc4 $11)
25. Qf4 $1 {The only move, that maintains the balance} Nc4 26. g3 Ra3 27. O-O
Rha8 {and Black is slightly better.}) 24. Bxf5 Bxc3+ $6 {Now I start to lose
the thread} (24... gxf5 $142 25. O-O {Just bad} (25. Nce2 $2 {in view of} Bb2
$1 {and the c6-pawn is untouchable.}) 25... Be5 26. Nce2 Nc4 27. Qh3 Qf6 {
and though White has definite compensation Black's chances are better.}) 25.
Rxc3 Qf6 {The only way to fight for the advantage would be} (25... gxf5 26. O-O
Nc4 {, but here I believe White should have sufficient compensation for being
a pawn down, after} 27. Rfc1 $44) ({Needless to say, that} 25... Ra1+ $4 {
would be a losing mistake, as after} 26. Ke2 Rxh1 27. Rxc6 {[%csl Gf8] White's
attack is decisive.}) 26. O-O {[%mdl 16384]} gxf5 $4 {This move is a serious
strategical error, which is connected with an absolutely wrong evaluation of
the position. It was the right time for precise calculation} (26... Qxc3 27.
Nxg6+ fxg6 28. Qd6+ Kf7 {and despite looking pretty dangerous White has only
perpetual} 29. Qe6+ Kf8 30. Qd6+ $11) 27. Rb3 $1 $36 {[%csl Rf8] I completely
forgot this move. Now despite being a pawn up Black's position is very
dangerous, due to the permanently exposed position of his king.} (27. Rfc1 {
I considered only} Nc4 {with equal chances.}) 27... Nc4 {Relatively better was}
(27... Nd7 28. Rfb1 Ra1 {, though even here after} 29. Nd3 {it's very
difficult to hold Black's position.}) 28. Rfb1 Nd6 $2 {This is the decisive
error.} (28... Re8 $142 29. Rb8 Nd6 {would leave more chances for survival,
though after} 30. Nd3 $1 {Black's position is very unpleasant.}) 29. Rb6 {
Now Black starts to lose material.} Rg8 $2 {This loses on the spot, but even
after the best} (29... Rc8 30. Nxd5 {White has a large advantage.}) 30. Rb8+
Ne8 {Black also loses after} (30... Rxb8 31. Rxb8+ Ne8 32. Rxe8+ $18) 31. Qxg8+
$1 {Not difficult, but still pretty nice tactics} Kxg8 32. Rxa8 {Black loses
his knight and his position is absolutely hopeless. The rest is very easy} Qe5
33. Rbb8 Kg7 34. Rxe8 Qc3 35. Rg8+ Kf6 36. Rae8 $1 {[%csl Rf6][%cal Gf4h5]} 1-0

[Event "EU-Cup 15th Gr3"]
[Site "Albufeira Algarve"]
[Date "1999.10.02"]
[Round "2"]
[White "Damaso, Rui"]
[Black "Avrukh, Boris"]
[Result "0-1"]
[WhiteElo "2399"]
[BlackElo "2588"]
[Annotator "Avrukh,B"]
[PlyCount "70"]
[EventDate "1999.10.01"]
[EventType "team-k.o."]
[EventRounds "3"]
[EventCountry "POR"]
[SourceTitle "EXT 2020"]
[Source "ChessBase"]
[SourceDate "2019.10.17"]
[SourceVersion "1"]
[SourceVersionDate "2019.10.17"]
[SourceQuality "1"]
[WhiteTeam "Porto Boavista"]
[BlackTeam "Beer-Sheva Chess Club"]
[WhiteTeamCountry "POR"]
[BlackTeamCountry "ISR"]

1. d4 Nf6 2. Nf3 g6 3. c4 Bg7 4. Nc3 d5 5. Bg5 Ne4 6. cxd5 Nxg5 7. Nxg5 e6 8.
Qd2 h6 9. Nh3 exd5 10. Qe3+ Kf8 11. Nf4 c5 {Black immediatly using the moment
to open his bishop,which has no opponent;} 12. dxc5 d4 13. Qd2 Na6 (13... Nc6
$5 14. Ne4 Be5 15. g3 Bc7 16. O-O-O (16. Nd3 $142 Bf5 17. Bg2 Qd5 {~=}) 16...
g5 $1 17. Nd3 Qd5 18. Bg2 (18. f3 Qxa2 {-/+}) 18... Qxa2 (18... f5 19. Nxg5 $1
Qxg2 20. Nf3 Qh3 $8 21. Nf4 Bxf4 22. Qxf4 {~=}) 19. Qc2 Bf5 $36 {0-1 Ocampo,
R-Najdorf,M/Buenos Aires 1968/MCD (41)}) (13... Nd7 14. Ne4 Qe7 15. Qc2 b6 16.
c6 Ne5 17. Nd5 Qd8 18. Nb4 Bf5 19. c7 Qh4 20. Rc1 Rc8 21. Nd6 Bxc2 22. Nxc8 d3
23. Nxc2 dxc2 24. Rxc2 Qb4+ 25. Kd1 Nc4 26. e3 Nxb2+ {0-1 Halasz,T-Dvoirys,S/
Dortmund 1991/TD (26)}) 14. e3 Bf5 (14... Nxc5 15. Nb5 (15. O-O-O Bf5 16. exd4
Ne4 17. Nxe4 Bxe4 18. Bd3 (18. Ne2 $5) 18... Qxd4 19. Rhe1 Bxd3 20. Nxd3 Qd5
21. Nb4 Qc5+ 22. Kb1 Kg8 23. Nd5 Kh7 {= 0-1 Volkov,S-Dvoirys,S/Omsk 1996/CBM
57 (79)}) 15... Qe7 16. Nxd4 Ne4 17. Nd5 $8 Nxd2 18. Nxe7 Nxf1 19. Nxc8 Nxe3
20. fxe3 Rxc8 {and black is slightly better in this endgame.1/2-1/2 Bagirov,
V-Dvoirys,S/Moscow 1991/URS-ch (42)}) 15. exd4 (15. O-O-O dxc3 (15... Nxc5 16.
exd4 Ne4 {leads to Volkov-Dvoirys game}) 16. Qxd8+ Rxd8 17. Rxd8+ Ke7 18. Rd4
$8 cxb2+ 19. Kxb2 Nxc5 {=+}) 15... Qxd4 (15... Nb4 $2 16. O-O-O Bc2 17. Bc4
Bxd1 18. Rxd1 {+/-}) 16. Bxa6 bxa6 17. O-O-O (17. Qxd4 Bxd4 18. O-O (18. c6
$143 Re8+ 19. Kf1 Rc8 {-/+}) 18... Rb8 (18... Bxc5) 19. Rad1 Bxc5 20. Rd2 Kg7 {
=+}) 17... Qxc5 18. Qd5 (18. Rhe1 Kg8 19. Nfd5 Be6 20. Kb1 $140 Rb8 21. Qf4
Rxb2+ 22. Kxb2 Bxd5 $40) 18... Qxd5 (18... Qc8 19. Qd6+ Kg8 20. Nfd5 Qb7 (20...
Kh7 21. Nf6+ Bxf6 22. Qxf6 Qe6 {=}) 21. Rhe1 (21. Ne7+ $140 Kh7 22. Nxf5 Rab8
$1 {-+}) 21... Rb8 22. Rd2 Be6 $140 23. Rxe6 fxe6 24. Qxe6+ Kh7 25. Nf6+ Bxf6
26. Rd7+ Bg7 27. Rxb7 Rxb7 28. Qxa6 {=}) 19. Nfxd5 Rc8 20. Rhe1 h5 21. f4 $2 (
21. h4 {was neseccary in order not to allow to black to develop his rook from
h-file.} Be6 22. Kb1 Rc4 (22... Rc5) (22... Kg8 $2 23. Ne7+ {+-}) 23. Ne4 Bf5
24. f3 {=}) 21... Be6 $2 (21... h4 $1 {and} 22. Ne7 $2 {is not working in view
of} Bxc3 {-/+}) 22. Re4 $2 ({Once again white misses his chance,clearly better
was} 22. h4 $1 Bxd5 $140 23. Rxd5 Bxc3 24. bxc3 Rxc3+ 25. Kb2 Rg3 26. Rg5 $1 {=
}) 22... h4 $1 {Now it's almost impossible to hold white position.Two bishops
with two rooks is incredibly strong combination in such open positions.} 23.
Kd2 $6 (23. Re3 $142 Rh5 24. Kb1 Rc4 {-/+}) 23... Rh5 24. Ke3 Rc5 $1 {-+ now
black wins material} 25. Nb4 Bxc3 26. bxc3 Rxc3+ 27. Rd3 Rhc5 28. Rxc3 (28.
Nxa6 Rxd3+ 29. Kxd3 Ra5 {-+}) 28... Rxc3+ 29. Kd4 Rc1 30. a3 (30. Nxa6 Rc2 {
hopeless for white.}) 30... a5 31. Nd3 Rc2 32. Ne1 Ra2 33. Re3 a4 34. Nf3 Rxg2
35. Nxh4 Rg4 $1 (35... Rxh2 $2 36. Nxg6+) 0-1

[Event "Ljubljana"]
[Site "Ljubljana"]
[Date "1997.??.??"]
[Round "3"]
[White "Bukic, Enver"]
[Black "Jelen, Igor"]
[Result "1/2-1/2"]
[WhiteElo "2435"]
[BlackElo "2405"]
[Annotator "Baburin,A"]
[PlyCount "82"]
[EventDate "1997.05.20"]
[EventType "tourn"]
[EventRounds "11"]
[EventCountry "SLO"]
[EventCategory "9"]
[SourceTitle "CBM 058 Extra"]
[Source "ChessBase"]
[SourceDate "1997.07.29"]
[SourceVersion "1"]
[SourceVersionDate "1997.07.29"]
[SourceQuality "1"]

1. d4 Nf6 2. c4 g6 3. Nf3 Bg7 4. Nc3 d5 5. Bg5 Ne4 6. cxd5 Nxg5 7. Nxg5 e6 8.
Nf3 exd5 9. b4 {The system with 5 Bg5 in the Grunfeld Defence is yet another
line where the Carlsbad pawn formation occurs frequently. Of course, Black
does not have to play 5...Ne4 (he may try 5...c5) or 7...e6 (7...c6 is
possible). But, in general, this pawn structure is most typical for the 5 Bg5
line. A few things are quite specific for this variation, as White has
exchanged the bishop for a knight at an early stage. First,a b2-b4 advance is
easier to manage, as we can see in this game (Black's bishop does not control
the b-square). Black cannot yet occupy the e4-square with his knight. On the
other hand, Black has some advantages, too. White cannot occupy the e5-square
with his knight. Black's light-squared bishop might be developed to g4. When
White goes for b2-b4, Black's knight may take a short route to the c4-square
via d7 and b6. In addition, Black has available to him a plan for advancing
his f-pawn. Let us see all of this in action:} O-O 10. e3 Be6 11. Be2 Nd7 12.
O-O c6 13. Rc1 f5 {Usually, it makes sense for Black to include the move ...a6,
as that lessens his chances to be left with two weaknesses (on c6 and on the
a-file) if White succeeds with his minority attack.} ({Thus,} 13... a6 {
is worth considering:} 14. Na4 f5 15. g3 g5 16. h4 h6 17. hxg5 hxg5 18. Kg2 f4
$36 {Raetsky-Tukmakov, Biel op 1995.}) 14. b5 (14. Qd2 a6 15. a4 Kh8 16. b5
axb5 17. axb5 c5 18. dxc5 Nxc5 19. Nd4 Bg8 20. Rfd1 f4 $13 {Cebalo-Ftacnik,
Novi Sad 1984.}) 14... f4 15. bxc6 bxc6 16. Qa4 fxe3 17. fxe3 Qc7 18. Nd1 {
This is an interesting idea.} ({Perhaps, the more energetic approach -} 18. e4
{- was worth trying, too.}) 18... Nb8 19. Ng5 Rxf1+ 20. Bxf1 Bd7 21. Qb3 Qb6
22. Qa3 Bf8 23. Qd3 Bf5 24. e4 Qd8 25. h4 Bxe4 26. Nxe4 dxe4 27. Qxe4 Bg7 28.
d5 c5 29. Bb5 Bd4+ 30. Kh1 a6 31. Bc4 Nd7 32. Nc3 Ne5 33. Ne2 Bb2 34. Rc2 Nxc4
35. Rxc4 Qe8 36. Qc2 Bd4 37. g3 Qe3 38. Nxd4 cxd4 39. Rc8+ Rxc8 40. Qxc8+ Kg7
41. d6 Qe1+ 1/2-1/2

[Event "Katrineholm"]
[Site "Katrineholm"]
[Date "1995.??.??"]
[Round "?"]
[White "Sjoberg, Mats"]
[Black "Moberg, Karl Johan"]
[Result "1/2-1/2"]
[WhiteElo "2435"]
[BlackElo "2450"]
[Annotator "Baburin,A"]
[PlyCount "128"]
[EventDate "1995.04.??"]
[EventType "tourn"]
[EventRounds "9"]
[EventCountry "SWE"]
[EventCategory "9"]
[SourceTitle "CBM 049"]
[Source "ChessBase"]
[SourceDate "1995.12.01"]
[SourceVersion "1"]
[SourceVersionDate "1995.12.01"]
[SourceQuality "1"]

1. d4 Nf6 2. c4 g6 3. Nc3 d5 4. Nf3 Bg7 5. Bg5 Ne4 6. cxd5 Nxg5 7. Nxg5 e6 8.
Nf3 exd5 9. b4 Qd6 10. a3 O-O 11. e3 Bg4 12. Be2 Nd7 13. Qc2 c6 14. O-O Bxf3
15. Bxf3 f5 16. g3 b5 $5 {[#]This way of preventing b4-b5xc6 seems to be
rather popular particularly in this opening line (Gruenfeld with 5.Bg5). Black
threatens to occupy the c4-square (an outpost!) with his Knight, while a3-a4
would weaken the b4-pawn somewhat. In similar positions from the QGA White
often goes for e3-e4, but here it's not easy to manage, due to the presence of
the pawn on f5.} 17. a4 a6 18. Ra2 Nb6 19. Rfa1 Rab8 20. axb5 axb5 21. Ne2 Rfc8
22. Qc5 Bf8 23. Nf4 Qd7 24. Qc3 Ra8 25. Nd3 Bd6 26. Nc5 Qc7 27. Kg2 Rxa2 28.
Rxa2 Ra8 29. Rxa8+ Nxa8 30. Qa1 Nb6 31. Qa6 Bxc5 32. dxc5 Nd7 33. Qa8+ Kg7 34.
h4 Nf6 35. Qa1 Qe7 36. h5 Kh6 37. hxg6 hxg6 38. Qa8 Qe8 39. Qa7 Qd7 40. Qb8 Kg7
41. Qf4 Qe6 42. Qc7+ Qd7 43. Qb6 Kf7 44. Kg1 Ng8 45. Qb8 Nf6 46. Qf4 Qe6 47.
Be2 Qd7 48. Bd3 Qc8 49. Kg2 Qd7 50. Bc2 Qe6 51. Qc7+ Qd7 52. Qb6 Ng8 53. Kg1
Ne7 54. Qb8 Qe6 55. Qf4 Qf6 56. Kg2 Qc3 57. Bd1 Qc4 58. Qd4 Qxd4 59. exd4 Ng8
60. Kf3 Kf6 61. Ke3 Nh6 62. f4 Ke6 63. Be2 Kf6 64. Bd1 Ke6 1/2-1/2

[Event "EU-chT (Men) 10th"]
[Site "Debrecen"]
[Date "1992.11.??"]
[Round "8.3"]
[White "Grivas, Efstratios"]
[Black "Malisauskas, Vidmantas"]
[Result "1/2-1/2"]
[WhiteElo "2465"]
[BlackElo "2490"]
[Annotator "Bulletin"]
[PlyCount "52"]
[EventDate "1992.11.20"]
[EventType "team-swiss"]
[EventRounds "9"]
[EventCountry "HUN"]
[SourceTitle "EU-chT"]
[Source "ChessBase"]
[SourceDate "1999.07.01"]
[SourceVersion "2"]
[SourceVersionDate "1999.07.01"]
[SourceQuality "1"]
[WhiteTeam "Greece"]
[BlackTeam "Lithuania"]
[WhiteTeamCountry "GRE"]
[BlackTeamCountry "LTU"]

1. d4 Nf6 2. c4 g6 3. Nc3 d5 4. Nf3 Bg7 5. Bg5 Ne4 6. Bh4 Nxc3 7. bxc3 c5 8.
cxd5 cxd4 9. cxd4 Qxd5 10. e3 Nc6 11. Be2 Qa5+ 12. Qd2 Be6 13. Rb1 Qxa2 14.
Qxa2 Bxa2 15. Rxb7 Bd5 16. Bb5 O-O (16... e6 $2 17. Re7+ $1 (17. Rc7 $2 Rb8 $1)
17... Kf8 18. Rc7 $16) 17. Rd7 (17. Bxc6 Bxc6 18. Rxe7 Rfc8 {/\ a5, Bf8}) 17...
Bxf3 (17... e6 $2 18. Rxd5 exd5 19. Bxc6 Rac8 20. Ba4 $16) (17... Be4 $2 18.
O-O $1 (18. Nd2 Bxg2 19. Rg1 Rab8 20. Ba4 Rb4) 18... Rab8 19. Ba4 Rb4 20. Ra1 {
/\ Nd2+/-}) 18. gxf3 Rab8 19. Bd3 e6 20. O-O Nb4 21. Be2 (21. Be4 $2 f5 {/\ Rf7
}) 21... a5 22. Ra1 Nc2 (22... Ra8 23. Rb7 $1 Rfc8 24. Rb5 Rc2 25. Raxa5 Rxa5
26. Rxa5 Bxd4 (26... Rxe2 27. Ra8+ Bf8 28. Be7 $18) 27. exd4 Rxe2 28. Bf6 $1
Ra2 29. Rb5 Na6 (29... Nc6 30. Rb6 Rc2 31. Ra6 $18) 30. d5 $1 $18) 23. Rxa5 (
23. Ra2 $1 Ne1 24. h3 Rb1 25. Kh2 Ra8 26. Rd8+ $18) 23... Rb1+ 24. Kg2 Rb2 25.
Kf1 Rb1+ 26. Kg2 Rb2 1/2-1/2

[Event "Tashkent FIDE GP"]
[Site "Tashkent"]
[Date "2014.10.29"]
[Round "8"]
[White "Andreikin, Dmitry"]
[Black "Vachier Lagrave, Maxime"]
[Result "1/2-1/2"]
[WhiteElo "2722"]
[BlackElo "2757"]
[Annotator "CB"]
[PlyCount "43"]
[EventDate "2014.10.21"]
[EventType "tourn"]
[EventRounds "11"]
[EventCountry "UZB"]
[EventCategory "21"]
[SourceTitle "CBM 163"]
[Source "ChessBase"]
[SourceDate "2014.11.11"]
[SourceVersion "1"]
[SourceVersionDate "2014.11.11"]
[SourceQuality "1"]

1. d4 Nf6 2. c4 g6 3. Nc3 d5 4. Nf3 Bg7 5. Bg5 Ne4 6. Bf4 Nxc3 7. bxc3 dxc4 8.
e3 b5 9. a4 c6 10. Qb1 Bf5 11. e4 Bd7 12. Bxc4 $5 (12. Be2 O-O 13. O-O {
was some Blitz game between Eljanov and Aronian.}) 12... bxc4 13. Qb7 Na6 14.
Qxa6 c5 {Both sides must have looked at thits prior to the game. MVL seems to
have a lot of faith in his pawn sacrifices in the Grunfeld, this time it pays
off without issues.} 15. Qxc4 cxd4 16. cxd4 Rc8 17. Qa6 Be6 18. Qb5+ Bd7 19.
Qa6 Be6 20. Qb5+ (20. Qxa7 Bc4 {looks extremely risky as White has no good way
of incorporating his rook into the game without the possibility to castle. The
decision to simply accept the draw is understandable.}) 20... Bd7 21. Qd3 Be6
22. Qb5+ 1/2-1/2